Language, Saussure and Wittgenstein : How to play games with words

This book exposed two most important figures in the development of twentieth-century linguistic thought. Each was a revolutionary within his own discipline. Each had far-reaching influence outside his own discipline. Each has given rise, independently, to a large corpus of interpretation, translatio...

Szczegółowa specyfikacja

Zapisane w:
Opis bibliograficzny
1. autor: Harris, Roy
Format: Książka
Język:Undetermined
Wydane: London Routledge 1995
Hasła przedmiotowe:
Etykiety: Dodaj etykietę
Nie ma etykietki, Dołącz pierwszą etykiete!
Thư viện lưu trữ: Trung tâm Học liệu Trường Đại học Cần Thơ
LEADER 00858nam a2200217Ia 4500
001 CTU_14956
008 210402s9999 xx 000 0 und d
020 |b MHO4 
082 |a 400 
082 |b H316 
100 |a Harris, Roy 
245 0 |a Language, Saussure and Wittgenstein : 
245 0 |b How to play games with words 
245 0 |c Roy Harris 
260 |a London 
260 |b Routledge 
260 |c 1995 
520 |a This book exposed two most important figures in the development of twentieth-century linguistic thought. Each was a revolutionary within his own discipline. Each had far-reaching influence outside his own discipline. Each has given rise, independently, to a large corpus of interpretation, translation, exegesis and criticism 
650 |a Language 
904 |i Minh 
980 |a Trung tâm Học liệu Trường Đại học Cần Thơ